| 000 | 00427nam a22001577a 4500 | ||
|---|---|---|---|
| 003 | OSt | ||
| 005 | 20170105102939.0 | ||
| 040 | _a0 | ||
| 082 |
_a346.540432 _bMAL 2015 |
||
| 100 | _aMalik,Nadeem Shafiq | ||
| 245 |
_aThe Indus Waters Treaty, 1960 _bText and Analysis _cDr.Nadeem Shafiq Malik |
||
| 260 |
_aLahore _bFiction House _c2015 |
||
| 300 |
_a340 p. _bHB _c24 cm |
||
| 650 | _aThe Indus Waters Treaty, 1960 | ||
| 942 |
_2ddc _cBK |
||
| 999 |
_c16411 _d16411 |
||